000 00610nam a2200205Ia 4500
003 OSt
005 20230522142425.0
008 210423s2000 xx 000 0 und d
040 _cAL
041 _aeng
082 _a331
_223
_bRATT
100 _aRATNAM (C S Venkata);SINHA (Pravin),Ed
_9110246
245 _aTrade union challenges at the beginning of the 21st century
260 _aNew Delhi
_bExcel Books
_c2000
365 _b200
_cINR
650 _aEconomics
_9110247
650 _aLabour Economics
_9110248
906 _a21st ; at ; beginning ; century ; challenges ; Trade ; union
942 _2ddc
_cBK
999 _c172645
_d172645